[Event "CZE-ch Open 2019"]
[Site "Ostrava"]
[Date "2019.05.04"]
[Round "8.27"]
[White "Havelka, Ondrej"]
[Black "Neumann, Filip"]
[Result "1/2-1/2"]
[WhiteElo "2185"]
[BlackElo "1997"]
[Annotator "TA"]
[PlyCount "117"]
[EventDate "2019.04.27"]
[EventType "swiss"]
[EventCountry "CZE"]
[SourceTitle "playchess.com"]
[Source "ChessBase"]
[SourceQuality "1"]

{[%evp 16,117,33,21,36,32,38,25,49,-29,-24,-19,-19,-24,-28,-12,9,0,27,26,27,0,10,10,7,8,13,0,0,12,12,0,0,0,0,0,0,0,0,0,76,0,0,0,0,0,0,0,0,0,0,0,0,0,0,0,0,0,0,0,0,0,0,0,0,0,9,9,9,0,0,0,0,0,0,0,0,0,0,0,0,0,0,0,0,-303,0,0,0,0,0,0,0,0,0,0,0,0,0,0,0,0,0,0]} 1. Nf3 g6 2. c4 Nf6 3. b3 Bg7 4. Bb2 O-O 5. g3 c6 6. Bg2 d5 7. O-O Nbd7 8. d4 Ne4 9. Nfd2 Nxd2 {D78: Fianchetto Grünfeld: 6 0-0 c6} 10. Nxd2 Nf6 11. Re1 (11. Rc1 a5 12. cxd5 Nxd5 13. Nc4 Nb6 14. a4 Be6 15. e3 Bd5 16. Nxb6 Qxb6 17. Bxd5 cxd5 {1-0 (39) Shimanov,A (2640)-Gupta,A (2612) Moscow 2013}) 11... Bf5 {White has an edge.} 12. e4 (12. f3 $14) 12... Nxe4 13. Nxe4 Bxe4 14. Bxe4 dxe4 15. Rxe4 c5 $146 ({Predecessor:} 15... e6 16. Qe2 Qa5 17. Qc2 {0-1 (57) Dominguez,R (2229)-Tovio,I (2303) Cartagena 2014}) 16. Qe1 e6 {[%cal Rc5d4]} 17. Rd1 Qc7 18. Re2 cxd4 19. Bxd4 Bxd4 20. Rxd4 Rad8 21. Red2 Rxd4 22. Rxd4 $11 {[%mdl 4096] Endgame KQR-KQR} Rd8 23. Qd2 Rxd4 24. Qxd4 {KQ-KQ} Qa5 25. a4 b6 26. h4 Qe1+ 27. Kg2 Qb1 {[#]} (27... Qb4 $11 {keeps the balance.}) 28. Qc3 (28. c5 $1 $16 {[%cal Rc5c6]} Qc2 29. cxb6 Qc6+ 30. Kh2 axb6 31. Qd8+ Kg7 32. b4) 28... Qe4+ 29. Kh2 Qe2 30. Kg1 a5 31. c5 bxc5 32. Qxc5 Qe1+ 33. Kg2 h5 34. Kf3 Qd1+ 35. Kf4 Qd2+ 36. Ke4 Qe2+ 37. Qe3 $1 {[%cal Re3e2]} Qc2+ (37... Qd1 {looks sharper.} 38. Qd3 Qe1+ 39. Kf3 Qe5 40. Qe3 Qf5+) 38. Ke5 Qd1 39. Qb6 Qd5+ 40. Kf6 Qf5+ 41. Ke7 Kg7 42. Ke8 {Threatens to win with b4.} Qd5 43. b4 Qa8+ 44. Kd7 axb4 $1 45. a5 {[%cal Ba4a5,Ba5a6][%mdl 32] [#]} b3 $1 {[%mdl 512]} 46. a6 (46. Qxb3 Qxa5) 46... Qd5+ 47. Ke7 e5 48. a7 b2 49. Qxb2 Qc5+ {[%mdl 64] Double Attack} 50. Ke8 $2 {[%mdl 8192]} (50. Kd8 $11 {and White has nothing to worry.} Qa5+ 51. Ke8 Qa4+ 52. Kd8 Qxa7 53. Qxe5+ Kg8 54. Qe3 Qa5+ 55. Ke8) 50... Qxa7 $2 ({Black should play} 50... Qc8+ $19 51. Ke7 Qc7+ 52. Ke8 Kf6 53. Qb6+ Qxb6) 51. Qxe5+ {The position is equal.} Kg8 52. Qf6 Qb8+ 53. Kd7 {Black must now prevent Qd8+.} Qb7+ 54. Kd6 Qb6+ 55. Ke7 Qc7+ 56. Ke8 Qc8+ 57. Qd8 Qe6+ 58. Qe7 {And now Qxe6 would win.} Qc8+ 59. Qd8 {Accuracy: White = 63%, Black = 65%.} 1/2-1/2

[Event "CZE-ch Open 2019"]
[Site "Ostrava"]
[Date "2019.05.04"]
[Round "8.28"]
[White "Koubova, Anna Marie"]
[Black "Vanek, Tomas"]
[Result "1-0"]
[WhiteElo "1975"]
[BlackElo "2095"]
[Annotator "NA RC"]
[PlyCount "95"]
[EventDate "2019.04.27"]
[EventType "swiss"]
[EventCountry "CZE"]
[SourceTitle "playchess.com"]
[Source "ChessBase"]
[SourceQuality "1"]
[TimeControl "40/5400+30:1800+30"]

1. d4 {[%emt 0:00:00]} f5 {[%emt 0:00:00]} 2. c4 {[%emt 0:00:00]} Nf6 {[%emt 0:00:00]} 3. Nc3 {[%emt 0:00:00]} b6 {[%emt 0:00:11]} 4. Nf3 {[%emt 0:01:54]} Bb7 {[%emt 0:01:22]} 5. e3 {[%emt 0:01:45]} e6 {[%emt 0:00:40]} 6. Bd3 {[%emt 0:01:18]} Bb4 {[%emt 0:03:25]} 7. O-O {[%emt 0:01:02]} O-O {[%emt 0:00:43]} 8. Nd2 {[%emt 0:02:12]} Qe8 {[%emt 0:18:23]} 9. f3 {[%emt 0:13:58]} Na6 {[%emt 0:05:40]} 10. Qe2 {[%emt 0:05:59]} Bxc3 {[%emt 0:10:31]} 11. bxc3 {[%emt 0:00:09]} c5 {[%emt 0:01:33]} 12. Ba3 {[%emt 0:03:22]} Qg6 {[%emt 0:09:46]} 13. Qf2 {[%emt 0:11:37]} Qh6 {[%emt 0:07:32]} 14. Rae1 {[%emt 0:03:21]} Ne4 {[%emt 0:08:23]} 15. Bxe4 {[%emt 0:09:01]} fxe4 {[%emt 0:00:18]} 16. Qg3 {[%emt 0:00:22]} exf3 {[%emt 0:07:26]} 17. Nxf3 {[%emt 0:00:13]} Be4 {[%emt 0:03:33]} 18. Ne5 {[%emt 0:01:52]} d6 {[%emt 0:04:14]} 19. Nd7 {[%emt 0:14:57]} Rf5 {[%emt 0:00:20]} 20. Qxd6 {[%emt 0:00:18]} Qg6 {[%emt 0:00:28]} 21. g3 {[%emt 0:03:45]} Rd8 {[%emt 0:03:50]} 22. Rxf5 {[%emt 0:06:15]} Bxf5 {[%emt 0:02:12]} 23. Qe7 {[%emt 0:00:20]} Re8 {[%emt 0:00:05]} 24. Qh4 {[%emt 0:00:16]} Bb1 {[%emt 0:01:04]} 25. e4 {[%emt 0:09:43]} Bc2 {[%emt 0:03:35]} 26. Ne5 {[%emt 0:00:55]} Qf6 {[%emt 0:00:30]} 27. Qxf6 {[%emt 0:00:12]} gxf6 {[%emt 0:00:05]} 28. Ng4 {[%emt 0:01:24]} Kg7 {[%emt 0:00:22]} 29. e5 {[%emt 0:02:30]} fxe5 {[%emt 0:01:00]} 30. Nxe5 {[%emt 0:00:46]} h5 {[%emt 0:00:36]} 31. Rf1 {[%emt 0:01:28]} Re7 {[%emt 0:03:40]} 32. Bc1 {[%emt 0:01:07]} cxd4 {[%emt 0:00:44]} 33. cxd4 {[%emt 0:00:41]} Nb4 {[%emt 0:01:59]} 34. Ba3 {[%emt 0:02:25]} a5 {[%emt 0:00:23]} 35. Bxb4 {[%emt 0:00:04]} axb4 {[%emt 0:00:05]} 36. Rf2 {[%emt 0:00:17]} Bf5 {[%emt 0:01:54]} 37. Rb2 {[%emt 0:02:10]} Ra7 {[%emt 0:00:22]} 38. Rxb4 {[%emt 0:00:38]} Rxa2 {[%emt 0:00:07]} 39. Rxb6 {[%emt 0:00:15]} Bh3 {[%emt 0:01:17]} 40. Rb7+ {[%emt 0:00:45]} Kh6 {[%emt 0:00:04]} 41. Rb1 {[%emt 0:05:05]} Rg2+ {[%emt 0:01:11]} 42. Kh1 {[%emt 0:00:18]} Rd2 {[%emt 0:00:41]} 43. Rc1 {[%emt 0:00:58]} h4 {[%emt 0:06:37]} 44. c5 {[%emt 0:11:53]} Bg2+ {[%emt 0:02:06]} 45. Kg1 {[%emt 0:00:05]} Bd5 {[%emt 0:03:06]} 46. c6 {[%emt 0:02:36]} Rg2+ {[%emt 0:00:30]} 47. Kf1 {[%emt 0:00:08]} Rxh2 {[%emt 0:00:26]} 48. Ng4+ {[%emt 0:00:23]} 1-0

[Event "CZE-ch Open 2019"]
[Site "Ostrava"]
[Date "2019.05.04"]
[Round "8.29"]
[White "Kolar, Stanislav"]
[Black "Malinovsky, Petr"]
[Result "0-1"]
[WhiteElo "2113"]
[BlackElo "2012"]
[Annotator "NA"]
[PlyCount "78"]
[EventDate "2019.04.27"]
[EventType "swiss"]
[EventCountry "CZE"]
[SourceTitle "playchess.com"]
[Source "ChessBase"]
[SourceQuality "1"]
[TimeControl "40/5400+30:1800+30"]

1. d4 {[%emt 0:00:00]} d5 {[%emt 0:00:00]} 2. Bf4 {[%emt 0:00:00]} e6 {[%emt 0:00:23]} 3. e3 {[%emt 0:00:04]} Bd6 {[%emt 0:00:10]} 4. Nf3 {[%emt 0:00:20]} Bxf4 {[%emt 0:03:21]} 5. exf4 {[%emt 0:00:02]} Qd6 {[%emt 0:01:12]} 6. Qc1 {[%emt 0:01:10]} c5 {[%emt 0:02:25]} 7. c3 {[%emt 0:02:36]} b6 {[%emt 0:02:06]} 8. Na3 {[%emt 0:03:54]} Nf6 {[%emt 0:02:37]} 9. Ne5 {[%emt 0:01:04]} O-O {[%emt 0:02:16]} 10. Nb5 {[%emt 0:03:00]} Qe7 {[%emt 0:01:54]} 11. a4 {[%emt 0:00:41]} a6 {[%emt 0:00:47]} 12. Na3 {[%emt 0:00:15]} cxd4 {[%emt 0:00:49]} 13. Bd3 {[%emt 0:03:49]} dxc3 {[%emt 0:03:16]} 14. bxc3 {[%emt 0:00:12]} Bb7 {[%emt 0:03:23]} 15. O-O {[%emt 0:00:35]} Nbd7 {[%emt 0:03:50]} 16. Nxd7 {[%emt 0:02:32]} Nxd7 {[%emt 0:03:38]} 17. Re1 {[%emt 0:01:51]} g6 {[%emt 0:06:59]} 18. Re3 {[%emt 0:03:53]} Qf6 {[%emt 0:01:05]} 19. Rg3 {[%emt 0:02:31]} Rfc8 {[%emt 0:02:37]} 20. Nb1 {[%emt 0:06:37]} d4 {[%emt 0:06:11]} 21. Ra3 {[%emt 0:03:26]} Rc7 {[%emt 0:05:50]} 22. c4 {[%emt 0:13:48]} Rac8 {[%emt 0:01:26]} 23. h3 {[%emt 0:01:39]} b5 {[%emt 0:01:24]} 24. axb5 {[%emt 0:00:33]} axb5 {[%emt 0:00:07]} 25. Qb2 {[%emt 0:02:18]} bxc4 {[%emt 0:06:40]} 26. Bxc4 {[%emt 0:00:18]} Qxf4 {[%emt 0:18:58]} 27. Ra7 {[%emt 0:07:09]} Rxc4 {[%emt 0:03:52]} 28. Qxb7 {[%emt 0:01:04]} R4c7 {[%emt 0:01:19]} 29. Qa6 {[%emt 0:01:41]} Qc1+ {[%emt 0:01:14]} 30. Kh2 {[%emt 0:00:13]} Qxb1 {[%emt 0:00:25]} 31. Rxc7 {[%emt 0:01:20]} Rxc7 {[%emt 0:00:03]} 32. Qd6 {[%emt 0:00:18]} Qb6 {[%emt 0:00:34]} 33. Qe7 {[%emt 0:00:18]} Qb8 {[%emt 0:02:33]} 34. h4 {[%emt 0:01:17]} Qf8 {[%emt 0:02:07]} 35. Qg5 {[%emt 0:00:36]} Rc5 {[%emt 0:00:49]} 36. Qf4 {[%emt 0:01:38]} e5 {[%emt 0:00:43]} 37. Qd2 {[%emt 0:01:27]} Qe7 {[%emt 0:02:57]} 38. Rg5 {[%emt 0:05:40]} h6 {[%emt 0:02:23]} 39. Rg4 {[%emt 0:00:14]} Nf6 {[%emt 0:00:53]} 0-1

[Event "CZE-ch Open 2019"]
[Site "Ostrava"]
[Date "2019.05.04"]
[Round "8.30"]
[White "Valencik, Jozef"]
[Black "Vorisek, Jakub"]
[Result "0-1"]
[WhiteElo "2056"]
[BlackElo "2027"]
[Annotator "NA"]
[PlyCount "70"]
[EventDate "2019.04.27"]
[EventType "swiss"]
[EventCountry "CZE"]
[SourceTitle "playchess.com"]
[Source "ChessBase"]
[SourceQuality "1"]
[TimeControl "40/5400+30:1800+30"]

1. d4 e6 2. Bf4 d5 3. e3 Bd6 4. Bxd6 Qxd6 5. Qg4 g6 6. Nd2 Bd7 7. c3 Nc6 8. f4 O-O-O 9. Be2 Nh6 10. Qh4 Nf5 11. Qf2 h5 12. e4 Nh6 13. e5 Qe7 14. Ngf3 f6 15. Bd3 fxe5 16. Nxe5 Nxe5 17. dxe5 Kb8 18. Bxg6 Ng4 19. Qe2 Rdg8 20. Bd3 Qc5 21. Nf3 Ne3 22. Ng5 d4 23. Ne4 Qe7 24. Ng5 Rxg5 25. fxg5 Qxg5 26. cxd4 Nxg2+ 27. Kd1 Rf8 28. Kc2 Ne3+ 29. Kb3 a5 30. a4 Bc6 31. Rhg1 Bd5+ 32. Bc4 Qe7 33. Bxd5 Qb4+ 34. Ka2 Nxd5 35. Qb5 Nc3+ 0-1

[Event "CZE-ch Open 2019"]
[Site "Ostrava"]
[Date "2019.05.04"]
[Round "8.31"]
[White "Jurek, Josef"]
[Black "Pavlicek, Lukas"]
[Result "1-0"]
[WhiteElo "2272"]
[BlackElo "1954"]
[Annotator "NA"]
[PlyCount "71"]
[EventDate "2019.04.27"]
[EventType "swiss"]
[EventCountry "CZE"]
[SourceTitle "playchess.com"]
[Source "ChessBase"]
[SourceQuality "1"]
[TimeControl "40/5400+30:1800+30"]

1. Nf3 {[%emt 0:00:00]} Nf6 {[%emt 0:00:00]} 2. c4 {[%emt 0:00:00]} e6 {[%emt 0:00:00]} 3. g3 {[%emt 0:00:14]} d5 {[%emt 0:00:00]} 4. d4 {[%emt 0:00:13]} Bb4+ {[%emt 0:00:17]} 5. Bd2 {[%emt 0:00:14]} Be7 {[%emt 0:00:06]} 6. Bg2 {[%emt 0:00:34]} O-O {[%emt 0:00:24]} 7. O-O {[%emt 0:00:42]} c6 {[%emt 0:00:21]} 8. Qc2 {[%emt 0:01:06]} b6 {[%emt 0:01:26]} 9. b3 {[%emt 0:04:33]} Ba6 {[%emt 0:02:59]} 10. Bf4 {[%emt 0:02:29]} Nbd7 {[%emt 0:03:38]} 11. Rd1 {[%emt 0:01:19]} Rc8 {[%emt 0:02:56]} 12. Nc3 {[%emt 0:02:07]} Nh5 {[%emt 0:06:08]} 13. e4 {[%emt 0:07:26]} Nxf4 {[%emt 0:13:42]} 14. gxf4 dxc4 15. f5 {[%emt 0:17:41]} exf5 {[%emt 0:26:16]} 16. Bh3 {[%emt 0:01:02]} fxe4 {[%emt 0:03:33]} 17. Ne5 {[%emt 0:01:26]} Rc7 {[%emt 0:03:47]} 18. Bxd7 {[%emt 0:03:04]} Rxd7 {[%emt 0:02:43]} 19. Nxd7 {[%emt 0:00:34]} Qxd7 {[%emt 0:00:04]} 20. Qxe4 {[%emt 0:05:56]} Bb4 {[%emt 0:03:46]} 21. Rac1 {[%emt 0:01:20]} Re8 {[%emt 0:01:50]} 22. Qf3 {[%emt 0:02:14]} Re6 {[%emt 0:05:20]} 23. d5 {[%emt 0:04:18]} Rg6+ {[%emt 0:00:35]} 24. Kh1 {[%emt 0:00:09]} Bb7 {[%emt 0:02:44]} 25. bxc4 {[%emt 0:01:29]} b5 {[%emt 0:02:43]} 26. Ne4 {[%emt 0:07:57]} cxd5 {[%emt 0:02:12]} 27. cxd5 {[%emt 0:01:02]} Bd6 {[%emt 0:06:29]} 28. Rd3 {[%emt 0:07:52]} Rh6 {[%emt 0:01:37]} 29. Ng3 {[%emt 0:00:29]} Rf6 {[%emt 0:02:47]} 30. Qg2 {[%emt 0:00:38]} Bf4 {[%emt 0:00:42]} 31. Rcd1 {[%emt 0:01:25]} a5 {[%emt 0:00:48]} 32. Qe4 {[%emt 0:02:25]} Bd6 {[%emt 0:01:19]} 33. Rf3 {[%emt 0:02:09]} Rxf3 {[%emt 0:01:25]} 34. Qxf3 {[%emt 0:00:10]} b4 {[%emt 0:00:56]} 35. Nf5 {[%emt 0:01:05]} a4 {[%emt 0:01:03]} 36. Qg4 {[%emt 0:00:38]} 1-0

[Event "CZE-ch Open 2019"]
[Site "Ostrava"]
[Date "2019.05.04"]
[Round "8.32"]
[White "Bures, Martin"]
[Black "Horak, Jan"]
[Result "0-1"]
[WhiteElo "2143"]
[BlackElo "2048"]
[Annotator "NA"]
[PlyCount "62"]
[EventDate "2019.04.27"]
[EventType "swiss"]
[EventCountry "CZE"]
[SourceTitle "playchess.com"]
[Source "ChessBase"]
[SourceQuality "1"]
[TimeControl "40/5400+30:1800+30"]

1. d4 {[%emt 0:00:27]} Nf6 {[%emt 0:00:00]} 2. c4 {[%emt 0:00:33]} c5 {[%emt 0:00:00]} 3. d5 {[%emt 0:00:10]} e6 {[%emt 0:00:20]} 4. Nc3 {[%emt 0:00:10]} exd5 {[%emt 0:00:25]} 5. cxd5 {[%emt 0:00:02]} d6 {[%emt 0:00:14]} 6. e4 {[%emt 0:01:27]} g6 {[%emt 0:00:24]} 7. h3 {[%emt 0:01:10]} Bg7 {[%emt 0:00:29]} 8. Nf3 {[%emt 0:00:17]} O-O {[%emt 0:00:27]} 9. Bd3 {[%emt 0:00:02]} a6 {[%emt 0:00:18]} 10. a4 {[%emt 0:02:16]} Nbd7 {[%emt 0:01:23]} 11. Bf4 {[%emt 0:00:51]} Qc7 {[%emt 0:01:51]} 12. O-O {[%emt 0:11:47]} Re8 {[%emt 0:02:17]} 13. Re1 {[%emt 0:00:22]} Rb8 {[%emt 0:01:50]} 14. Nd2 {[%emt 0:23:26]} Ne5 {[%emt 0:12:06]} 15. Be2 {[%emt 0:00:23]} h6 {[%emt 0:14:22]} 16. Bh2 {[%emt 0:05:19]} g5 {[%emt 0:02:00]} 17. f4 {[%emt 0:03:26]} gxf4 {[%emt 0:00:21]} 18. Bxf4 {[%emt 0:00:02]} Ng6 {[%emt 0:00:50]} 19. Bg3 {[%emt 0:00:39]} Nd7 {[%emt 0:00:49]} 20. Nc4 {[%emt 0:11:40]} Nde5 {[%emt 0:01:29]} 21. Ne3 {[%emt 0:01:34]} Qd8 {[%emt 0:14:37]} 22. Nf5 {[%emt 0:10:17]} Qg5 {[%emt 0:03:26]} 23. Nxg7 {[%emt 0:03:01]} Qxg3 {[%emt 0:01:46]} 24. Nxe8 {[%emt 0:00:42]} Nh4 {[%emt 0:00:12]} 25. Nf6+ {[%emt 0:00:49]} Kh8 {[%emt 0:00:10]} 26. Bf3 {[%emt 0:06:50]} Nexf3+ {[%emt 0:00:14]} 27. Qxf3 {[%emt 0:00:49]} Nxf3+ {[%emt 0:00:11]} 28. Kf1 {[%emt 0:00:13]} Nxe1 {[%emt 0:01:22]} 29. Rxe1 {[%emt 0:00:42]} Qf4+ {[%emt 0:00:08]} 30. Ke2 {[%emt 0:00:31]} Qxf6 {[%emt 0:00:10]} 31. Rf1 {[%emt 0:00:12]} Qg6 {[%emt 0:00:27]} 0-1